Normal view MARC view
  • Carter, Eric

Entry Personal Name

Number of records used in: 1

001 - CONTROL NUMBER

  • control field: 97772

003 - CONTROL NUMBER IDENTIFIER

  • control field: NUST

005 - DATE AND TIME OF LATEST TRANSACTION

  • control field: 20220817124143.0

008 - FIXED-LENGTH DATA ELEMENTS

  • fixed length control field: 220817|| aca||aabn | a|a d

040 ## - CATALOGING SOURCE

  • Original cataloging agency: NUST
  • Transcribing agency: NUST

100 ## - HEADING--PERSONAL NAME

  • Personal name: Carter, Eric

670 ## - SOURCE DATA FOUND

  • Source citation: Work cat.: (NUST)189432: Carter, Eric., Sams teach yourself Visual C#2010 :, c2010
© 2023 Central Library, National University of Sciences and Technology. All Rights Reserved.